=LDR 00000nam 2200000 4500 =001 INLIS000000000809586 =008 ###################################ind## =035 ##$$a 0010-0825000079 =245 ##$$a Guru Menulis Di Media Massa / $c Hendy =084 ##$$a 808.066 HEN